| 000 | 00891nam a2200241 a 4500 | ||
|---|---|---|---|
| 001 | 000013469 | ||
| 005 | 20240412074239.0 | ||
| 008 | 091125s1982 dr 001 p spa d | ||
| 040 |
_aDO-SdBNP _bspa _cBNPHU |
||
| 082 |
_aRD861.44 _bV443p |
||
| 100 | 1 |
_aVeloz Maggiolo, Marcio, _d1936-2021 _91104 |
|
| 245 | 1 | 3 |
_aLa palabra reunida / _cMarcio Veloz Maggiolo. |
| 260 |
_aSan Pedro de Macorís, República Dominicana : _bUniversidad Central del Este, _c1982. |
||
| 300 |
_a192 p. ; _c23 cm. |
||
| 490 | 1 |
_aUniversidad Central del Este. Centenario de San Pedro de Macorís _v3 |
|
| 490 | 1 |
_aLiteraria _v6 |
|
| 590 | _aInventariado, 2019/LP | ||
| 650 | 0 |
_aPoesía dominicana _966 |
|
| 650 | 0 |
_aLiteratura dominicana. _967 |
|
| 830 | 0 |
_aUniversidad Central del Este. Centenario de San Pedro de Macorís _v3 _930779 |
|
| 830 | 0 |
_aLiteraria _v6 _921679 |
|
| 910 | _aValidado. Control de calidad EMS | ||
| 999 |
_c13093 _d13093 |
||